10 Most Populated Cities In Czech Republic And Slovakia Combined - Statistics

General Stats
  • This quiz has been taken 587 times
  • The average score is 8 of 10
Answer Stats
Country(Pop) Answer % Correct
Sl(429000) Bratislava
99%
Cz(1.25mill) Prague
99%
Cz(377000) Brno
97%
Sl(240596) Kosice
92%
Cz(294000) Ostrava
90%
Cz(169033) Plzen
79%
Cz(99806) Olomouc
71%
Cz(102562) Liberec
66%
Cz(93285) Ceske Budejovice
55%
Cz(93409) Usti nad Labem
51%
No matching quizzes found
Score Distribution
Percent of People with Each Score
Percentile by Number Answered
Your Score History
You have not taken this quiz